Science Quiz

Random Science or Grab Bag Quiz

Scientific Jumbles Quiz Stats

 Plays Quiz Updated Mar 5, 2019

Score 0/30 Timer 06:00
11 Plays Today
Jumble Answer % Correct
Major arteries of the human bodyAORTA
95.5%
Astronomical entities starting with 'C'COMET
80.9%
Features of plant cellsCELL WALL
80.4%
Rock types that don't end in '-ite'FLINT
79.1%
Astronomical entities starting with 'C'CERES
76.6%
Properties of a chemical elementATOMIC MASS
73.1%
Astronomical entities starting with 'C'CRATER
71.2%
Properties of a chemical elementDENSITY
69.7%
Parts of a mass spectrometerMAGNET
66.4%
Features of plant cellsCHLOROPLAST
64%
Major arteries of the human bodyRENAL
62.2%
Properties of a chemical elementMELTING POINT
61.4%
Properties of a chemical elementCONDUCTIVITY
58%
Rock types that don't end in '-ite'MARBLE
53.7%
Major arteries of the human bodyCAROTID
52%
Jumble Answer % Correct
Features of plant cellsNUCLEUS
49.1%
Features of plant cellsVACUOLE
43.6%
Features of plant cellsMITOCHONDRION
40.7%
Rock types that don't end in '-ite'BASALT
38.4%
Astronomical entities starting with 'C'CONSTELLATION
37.5%
Parts of a mass spectrometerION SOURCE
35%
Parts of a mass spectrometerFILAMENT
34.4%
Astronomical entities starting with 'C'CHARON
26.9%
Rock types that don't end in '-ite'GNEISS
25.6%
Properties of a chemical elementELECTRON AFFINITY
21.7%
Parts of a mass spectrometerELECTRODE
19.5%
Major arteries of the human bodyHEPATIC
17.7%
Rock types that don't end in '-ite'OBSIDIAN
14.3%
Major arteries of the human bodyPOPLITEAL
12.7%
Parts of a mass spectrometerAMPLIFIER
11.3%

You're not logged in!

Compare scores with friends on all Sporcle quizzes.
OR
Log In

Show Comments

Extras

Top Quizzes Today


Score Distribution

Your Account Isn't Verified!

In order to create a playlist on Sporcle, you need to verify the email address you used during registration. Go to your Sporcle Settings to finish the process.

Report this User

Report this user for behavior that violates our Community Guidelines.

Details: